[Event "Choose Your Opening Weapon"]
[Site "SchemingMind.com"]
[Date "2013.02.24"]
[Round "-"]
[White "emvarela"]
[Black "kenneth m day"]
[Result "1-0"]
[WhiteCountry "ARG"]
[BlackCountry "USA"]
[WhiteElo "1779"]
[WhiteRD "51"]
[BlackElo "1720"]
[BlackRD "53"]
[GameID "327639"]

1. e4 g6 2. d4 Bg7 3. c4 d6 4. Nc3 e5 5. d5 Ne7 6. Bd3 c6 7. Nf3 Bg4 8. h3 Bd7 9. O-O cxd5 10. cxd5 O-O
11. Qb3 b6 12. Nb5 Bc8 13. Be3 a6 14. Nc3 f5 15. exf5 Nxf5 16. Bxf5 Bxf5 17. Qxb6 Nd7 18. Qxd6 Rf6 19. Qa3 Qc7 20. Rac1 Bf8
21. Ne4 Qxc1 22. Nxf6+ Nxf6 23. Qxf8+ Kxf8 24. Rxc1 Nxd5 25. Bh6+ Ke7 26. Nxe5 Kf6 27. f4 Be4 28. Rc6+ Ke7 29. Bg5+ Ke8 30. Re6+ Kf8
31. Nd7+ Kf7 32. Rxe4
1-0

[Event "Choose Your Opening Weapon"]
[Site "SchemingMind.com"]
[Date "2013.02.24"]
[Round "-"]
[White "kenneth m day"]
[Black "emvarela"]
[Result "0-1"]
[WhiteCountry "USA"]
[BlackCountry "ARG"]
[WhiteElo "1720"]
[WhiteRD "53"]
[BlackElo "1779"]
[BlackRD "51"]
[GameID "327640"]

1. e4 e5 2. Nf3 Nc6 3. d4 exd4 4. c3 dxc3 5. Nxc3 Bb4 6. Bc4 d6 7. O-O h6 8. Re1 Bxc3 9. bxc3 Nf6 10. Bf4 Bg4
11. Qd3 Bxf3 12. Qxf3 Ne5 13. Bxe5 dxe5 14. Qg3 O-O 15. Rad1 Qe7 16. Rb1 b6 17. f3 Qc5+ 18. Kh1 Qxc4 19. Rb3 Rfe8 20. Qf2 Nd7
21. Qe3 Nc5 22. Rb2 Nd3 23. Rb3 Nxe1 24. Qxe1 a5 25. h3 Rad8
0-1

[Event "Choose Your Opening Weapon"]
[Site "SchemingMind.com"]
[Date "2013.02.25"]
[Round "-"]
[White "David Hartley"]
[Black "kenneth m day"]
[Result "0-1"]
[WhiteCountry "ENG"]
[BlackCountry "USA"]
[WhiteElo "1754"]
[WhiteRD "68"]
[BlackElo "1791"]
[BlackRD "48"]
[GameID "327658"]

1. e4 g6 2. d4 Bg7 3. f4 d6 4. Nc3 a6 5. Nf3 b5 6. a3 Nd7 7. Be2 Bb7 8. O-O Ngf6 9. Bd3 O-O 10. Bd2 c5
11. d5 e6 12. dxe6 fxe6 13. f5 exf5 14. exf5 c4 15. Be2 Ne5 16. Nxe5 dxe5 17. fxg6 hxg6 18. Qc1 Qb6+ 19. Kh1 Kf7 20. Bf3 Rh8
21. Bxb7 Qxb7 22. Rf3 Rh7 23. h3 Rah8 24. Kh2 Qxf3 25. gxf3 Rxh3+ 26. Kg2 Rh2+ 27. Kf1 Rh1+ 28. Ke2 R8h2+ 29. Ke3 Bh6+ 30. f4 Bxf4+
31. Kf3 Rh3+ 32. Ke2 R1h2+ 33. Kd1 Bxd2 34. Qxd2 Rxd2+ 35. Kxd2 Rh2+ 36. Ne2 Ke6 37. Re1 g5 38. Kc1 g4 39. Nd4+ Kd5 40. Nf5 e4
41. Rf1 Ke5 42. Ne3 g3
0-1

[Event "Choose Your Opening Weapon"]
[Site "SchemingMind.com"]
[Date "2013.03.01"]
[Round "-"]
[White "emvarela"]
[Black "David Hartley"]
[Result "1/2-1/2"]
[WhiteCountry "ARG"]
[BlackCountry "ENG"]
[WhiteElo "1761"]
[WhiteRD "48"]
[BlackElo "1748"]
[BlackRD "67"]
[GameID "327659"]

1. e4 g6 2. d4 Bg7 3. Nc3 d6 4. f4 Nf6 5. Nf3 c5 6. Bb5+ Bd7 7. e5 Ng8 8. Bxd7+ Nxd7 9. dxc5 Nxc5 10. exd6 Qxd6
11. Qxd6 exd6 12. Nd5 O-O-O 13. c3 Nf6 14. Nxf6 Bxf6 15. O-O Rhe8 16. Ng5 Bxg5 17. fxg5 Rd7 18. Bf4 Nd3 19. b3 Nxf4 20. Rxf4 Ree7
21. Raf1 Kd8 22. Rf6 Ke8 23. h4 Re4 24. R6f4 Rde7 25. g3 Re3 26. R4f3 Kf8 27. Kg2 Re2+ 28. R1f2 R2e6=
1/2-1/2

[Event "Choose Your Opening Weapon"]
[Site "SchemingMind.com"]
[Date "2013.02.25"]
[Round "-"]
[White "kenneth m day"]
[Black "David Hartley"]
[Result "0-1"]
[WhiteCountry "USA"]
[BlackCountry "ENG"]
[WhiteElo "1720"]
[WhiteRD "53"]
[BlackElo "1798"]
[BlackRD "66"]
[GameID "327660"]

1. e4 e5 2. Nf3 Nc6 3. c3 Nf6 4. d4 Nxe4 5. d5 Nb8 6. Nxe5 Bc5 7. Nd3 O-O 8. Nxc5 Nxc5 9. Be3 d6 10. Qc2 Re8
11. Be2 Nbd7 12. Nd2 Nf6 13. O-O Nxd5 14. Bc4 Nxe3 15. fxe3 Be6 16. Rad1 Bxc4 17. Nxc4 b5 18. Na5 Rxe3 19. Nc6 Qe8 20. Nb4 Qd7
21. Nd5 Re6 22. Rd4 Rh6 23. Rff4 Re8 24. Rf3 Rhe6 25. Rd1 c6 26. Nf4 Re5 27. Qf2 Qe7 28. h3 Re1+ 29. Rxe1 Qxe1+ 30. Qxe1 Rxe1+
31. Kf2 Rb1 32. b4 Rb2+ 33. Ke3 Ne6 34. Rf2 Rxf2
0-1

[Event "Choose Your Opening Weapon"]
[Site "SchemingMind.com"]
[Date "2013.03.04"]
[Round "-"]
[White "Michal Drus"]
[Black "David Hartley"]
[Result "0-1"]
[WhiteCountry "POL"]
[BlackCountry "ENG"]
[WhiteElo "1758"]
[WhiteRD "68"]
[BlackElo "1748"]
[BlackRD "67"]
[GameID "328067"]

1. c4 e5 2. Nc3 Nf6 3. f3 Nc6 4. f4 exf4 5. Nh3 Bc5 6. Nxf4 Ng4 7. e3 d6 8. Nfd5 O-O 9. Be2 Nf6 10. d4 Nxd5
11. cxd5 Nxd4 12. exd4 Bb6 13. O-O Bd7 14. Bd3 a6 15. Qh5 g6 16. Bxg6 fxg6 17. Rxf8+ Qxf8 18. Bh6 gxh5 19. Bxf8 Rxf8 20. Rd1 Rf4
21. Ne2 Re4 22. Ng3 Rxd4 23. Rxd4 Bxd4+ 24. Kh1 h4 25. Nh5 Bxb2 26. Nf6+ Bxf6
0-1

[Event "Choose Your Opening Weapon"]
[Site "SchemingMind.com"]
[Date "2013.03.06"]
[Round "-"]
[White "Michal Drus"]
[Black "emvarela"]
[Result "1-0"]
[WhiteCountry "POL"]
[BlackCountry "ARG"]
[WhiteElo "1744"]
[WhiteRD "66"]
[BlackElo "1765"]
[BlackRD "48"]
[GameID "328068"]

1. c4 Nf6 2. d4 e6 3. Nf3 b6 4. g3 Ba6 5. Qc2 Bb7 6. Nc3 Bb4 7. Bg2 O-O 8. O-O d6 9. Bf4 Bxc3 10. Qxc3 Nbd7
11. Rfd1 d5 12. Ne5 Nxe5 13. dxe5 Nd7 14. cxd5 exd5 15. Bxd5 Bxd5 16. Rxd5 Qc8 17. b4 c5 18. Rad1 Nb8 19. bxc5 Na6 20. c6 Nc7
21. Rd7 Ne6 22. c7 Nc5 23. Rd8 Qxc7 24. e6 Qb7 25. Rxf8+ Rxf8 26. Bd6 Nxe6 27. Bxf8 Kxf8 28. Qe5 Ke7 29. Rd3 Qc6 30. Rc3 Qd6
31. Qe4 g6 32. Rd3 Qc7 33. Qh4+
1-0

[Event "Choose Your Opening Weapon"]
[Site "SchemingMind.com"]
[Date "2013.03.04"]
[Round "-"]
[White "Michal Drus"]
[Black "kenneth m day"]
[Result "0-1"]
[WhiteCountry "POL"]
[BlackCountry "USA"]
[WhiteElo "1744"]
[WhiteRD "66"]
[BlackElo "1791"]
[BlackRD "48"]
[GameID "328069"]

1. c4 g6 2. Nc3 Bg7 3. d4 d6 4. e4 e5 5. Nf3 Nc6 6. dxe5 Nxe5 7. Bf4 Bg4 8. Be2 Ne7 9. Nxe5 Bxe2 10. Qa4+ c6
11. Bg5 Bxe5 12. Nxe2 O-O 13. O-O-O Qb6 14. Rd2 f6 15. Be3 Qc7 16. f4 b5 17. cxb5 cxb5+ 18. Qc2 Bxb2+ 19. Kxb2 Qb7 20. h4 Rac8
21. Qb3+ Kg7 22. f5 Qxe4 23. Ng3 Qe5+ 24. Bd4 Qf4 25. h5 Qxd2+
0-1

[Event "Choose Your Opening Weapon"]
[Site "SchemingMind.com"]
[Date "2013.03.05"]
[Round "-"]
[White "David Hartley"]
[Black "Michal Drus"]
[Result "1-0"]
[WhiteCountry "ENG"]
[BlackCountry "POL"]
[WhiteElo "1748"]
[WhiteRD "67"]
[BlackElo "1758"]
[BlackRD "68"]
[GameID "328070"]

1. g3 e5 2. Bg2 Nc6 3. c4 Bc5 4. Nc3 d6 5. Nf3 Nf6 6. O-O O-O 7. d3 h6 8. Bd2 Bg4 9. Qc2 Bb6 10. e3 Re8
11. Rfe1 Nb4 12. Qb1 Bf5 13. e4 Ng4 14. exf5 Bxf2+ 15. Kh1 Bd4 16. Nxd4 exd4 17. Ne2 Nf2+ 18. Kg1 Nfxd3 19. Nxd4 Rxe1+ 20. Bxe1 Nxe1
21. Qxe1 Nd3 22. Qd2 Ne5 23. b3 c6 24. Re1 a5 25. Nf3 a4 26. Nxe5 axb3 27. axb3 Qb6+ 28. Qe3 Qxe3+ 29. Rxe3 dxe5 30. Rxe5
1-0

[Event "Choose Your Opening Weapon"]
[Site "SchemingMind.com"]
[Date "2013.03.06"]
[Round "-"]
[White "emvarela"]
[Black "Michal Drus"]
[Result "0-1"]
[WhiteCountry "ARG"]
[BlackCountry "POL"]
[WhiteElo "1765"]
[WhiteRD "48"]
[BlackElo "1744"]
[BlackRD "66"]
[GameID "328071"]

1. e4 c6 2. d4 d5 3. Nc3 dxe4 4. Nxe4 Nf6 5. Nxf6+ exf6 6. c3 Qd5 7. Be3 Bd6 8. Nf3 O-O 9. Be2 Bf5 10. Bd3 Bxd3
11. Qxd3 Nd7 12. O-O Bc5 13. c4 Qd6 14. Rad1 Bb4 15. a3 Ba5 16. b4 Bc7 17. c5 Qd5 18. Nd2 Rfd8 19. Qc4 Qh5 20. g3 a6
21. Ne4 Ne5 22. h4 Nxc4
0-1

[Event "Choose Your Opening Weapon"]
[Site "SchemingMind.com"]
[Date "2013.03.04"]
[Round "-"]
[White "kenneth m day"]
[Black "Michal Drus"]
[Result "0-1"]
[WhiteCountry "USA"]
[BlackCountry "POL"]
[WhiteElo "1791"]
[WhiteRD "48"]
[BlackElo "1744"]
[BlackRD "66"]
[GameID "328072"]

1. e4 c6 2. c4 d5 3. cxd5 Nf6 4. Nc3 cxd5 5. exd5 e6 6. d4 Nxd5 7. Nf3 Nc6 8. Bd3 Bd6 9. O-O O-O 10. Nxd5 exd5
11. Re1 Bg4 12. Bxh7+ Kxh7 13. h3 Bxf3 14. Qxf3 Kg8 15. Qg4 Qc8 16. Qh4 Qf5 17. Re3 Be7 18. Rxe7 Nxe7 19. Qxe7 Rfe8 20. Qg5 Re1+
21. Kh2 Qxg5
0-1

[Event "Choose Your Opening Weapon"]
[Site "SchemingMind.com"]
[Date "2013.03.06"]
[Round "-"]
[White "Archon"]
[Black "David Hartley"]
[Result "0-1"]
[WhiteCountry "CAN"]
[BlackCountry "ENG"]
[WhiteElo "1659"]
[WhiteRD "55"]
[BlackElo "1793"]
[BlackRD "60"]
[GameID "328109"]

1. Nf3 Nf6 2. c4 e6 3. g3 d5 4. b3 Be7 5. Bb2 O-O 6. Bg2 c5 7. e3 Nc6 8. O-O d4 9. exd4 cxd4 10. d3 e5
11. Nbd2 Bg4 12. Re1 Nb4 13. Ne4 Nc6 14. Nxf6+ Bxf6 15. Nd2 Bxd1
0-1

[Event "Choose Your Opening Weapon"]
[Site "SchemingMind.com"]
[Date "2013.03.06"]
[Round "-"]
[White "Archon"]
[Black "emvarela"]
[Result "1/2-1/2"]
[WhiteCountry "CAN"]
[BlackCountry "ARG"]
[WhiteElo "1675"]
[WhiteRD "53"]
[BlackElo "1779"]
[BlackRD "51"]
[GameID "328110"]

1. Nf3 Nf6 2. c4 g6 3. g3 Bg7 4. Bg2 O-O 5. O-O c5 6. Nc3 d5 7. cxd5 Nxd5 8. Nxd5 Qxd5 9. d3 Nc6 10. a3 Nd4
11. Nxd4 Qxd4 12. Rb1 Rb8 13. Bd2 b6 14. Bc3 Qd6 15. Bxg7 Kxg7 16. b4 cxb4 17. axb4 Bb7 18. b5 Bxg2 19. Kxg2 Rbc8 20. Qd2 Rfd8
21. Qa2 Qd5+ 22. Qxd5 Rxd5 23. Rb2 f5 24. Rd1 Rcc5 25. Rdb1 e5 26. Ra1 Rxb5 27. Rxb5 Rxb5 28. Rxa7+ Kh6 29. Rb7 Rb2 30. Kf1 b5
31. Ke1 b4 32. Kf1 b3 33. Rb4 Rb1+ 34. Kg2 b2 35. Kf3 g5 36. Ke3 g4 37. Kd2 Rh1 38. Rxb2 Rxh2 39. Ke3 Kg5 40. Rb5 Kf6
41. Rb6+ Kg5 42. Rb5=
1/2-1/2

[Event "Choose Your Opening Weapon"]
[Site "SchemingMind.com"]
[Date "2013.03.05"]
[Round "-"]
[White "Archon"]
[Black "kenneth m day"]
[Result "1-0"]
[WhiteCountry "CAN"]
[BlackCountry "USA"]
[WhiteElo "1654"]
[WhiteRD "54"]
[BlackElo "1791"]
[BlackRD "48"]
[GameID "328111"]

1. Nf3 g6 2. c4 Bg7 3. g3 d6 4. Bg2 e5 5. d3 Nc6 6. Nc3 Nge7 7. O-O O-O 8. Bg5 Qd7 9. Qd2 Nf5 10. Nd5 f6
11. Be3 Nxe3 12. Nxe3 Bh6 13. Qc2 Rb8 14. Nd5 Ne7 15. Nd2 c6 16. Nxe7+ Qxe7 17. b4 Bg4 18. Nf3 Qd7 19. Rfb1 Bg7 20. a4 Be6
21. b5 Rfc8 22. Qd1 h6 23. Nd2 cxb5 24. axb5 b6 25. Ra6 Rc7 26. Rba1 Qe7 27. Qb3 Bc8 28. R6a3 Bb7 29. Rxa7 Bxg2 30. Rxc7 Qxc7
31. Kxg2 f5 32. Ra6 Kh7 33. Qa3 Qb7+ 34. Kg1 d5 35. Ra7 Qc8 36. Qa6 dxc4 37. Nxc4 Qxa6 38. Rxa6 e4 39. dxe4 fxe4 40. Rxb6 Rf8
41. Rb7 Kg8 42. b6 Bd4 43. e3 Bc5 44. Ne5 Rf6 45. Nd7 Rc6 46. Nxc5 Rxc5 47. Re7 Rb5 48. Rxe4 Rxb6 49. Re7 Kf8 50. Ra7 Rc6
51. Kg2 Re6 52. Kf1 Rc6 53. Ke2 Rd6 54. e4 Rb6 55. Rd7 Rc6 56. f4 Rc2+ 57. Rd2 Rc6 58. Ke3 Ke7 59. g4 Rb6 60. h4 Re6
61. f5 gxf5 62. gxf5 Rf6 63. Kf4 Ra6 64. Re2 Ra4 65. Rd2 Rb4 66. Ke3 Ra4 67. Rd4 Ra3+ 68. Kf4 Ra5 69. e5 Ra6 70. e6 Ra7
71. Rd7+ Rxd7 72. exd7 Kxd7 73. Ke5 Ke7 74. f6+ Kf7 75. Kf5 h5 76. Kg5 Ke6 77. Kg6
1-0

[Event "Choose Your Opening Weapon"]
[Site "SchemingMind.com"]
[Date "2013.03.05"]
[Round "-"]
[White "Archon"]
[Black "Michal Drus"]
[Result "0-1"]
[WhiteCountry "CAN"]
[BlackCountry "POL"]
[WhiteElo "1675"]
[WhiteRD "53"]
[BlackElo "1733"]
[BlackRD "63"]
[GameID "328112"]

1. Nf3 c5 2. c4 g6 3. g3 Bg7 4. Bg2 Nf6 5. O-O O-O 6. Nc3 d6 7. d4 Nc6 8. d5 Na5 9. b3 Ne4 10. Nxe4 Bxa1
11. Bg5 Bg7 12. Qd2 f6 13. Bh6 Bf5 14. Bxg7 Kxg7 15. Nc3 Bd7 16. e4 a6 17. Ne1 b5 18. Qe2 bxc4 19. bxc4 Rb8 20. Nf3 h6
21. Rc1 Qb6 22. Bf1 Bg4 23. Qd3 Nxc4 24. Qxc4 Bxf3 25. Qxa6 Qb2 26. Rb1 Qxc3
0-1

[Event "Choose Your Opening Weapon"]
[Site "SchemingMind.com"]
[Date "2013.03.06"]
[Round "-"]
[White "David Hartley"]
[Black "Archon"]
[Result "0-1"]
[WhiteCountry "ENG"]
[BlackCountry "CAN"]
[WhiteElo "1754"]
[WhiteRD "68"]
[BlackElo "1654"]
[BlackRD "54"]
[GameID "328113"]

1. g3 d6 2. Bg2 c5 3. Nf3 g6 4. O-O Bg7 5. d3 Nc6 6. e4 Nf6 7. Re1 Bg4 8. c3 O-O 9. h3 Bd7 10. Nbd2 Rb8
11. d4 cxd4 12. cxd4 Qa5 13. Nb3 Qc7 14. e5 dxe5 15. dxe5 Ne8 16. Bf4 e6 17. Re4 b5 18. Qe2 Qb6 19. Be3 Qd8 20. Rd1 Nc7
21. Nc5 Nd5 22. Nxd7 Qxd7 23. Bc5 Rfd8 24. Bd6 Rbc8 25. Nd4 a6 26. Nxc6 Qxc6 27. Red4 Rxd6 28. exd6 Bxd4 29. Rxd4 Qxd6 30. Qd1 Rd8
31. Qd2 Kg7 32. a3 Qc6 33. b4 Rd6 34. f4 f5 35. g4 Qd7 36. Kf2 Kf6 37. g5+ Ke7 38. Kg3 Nb6 39. Rxd6 Qxd6 40. Qc3 Nc4
41. Bf3 Kf7 42. a4 Nd2 43. axb5 axb5 44. Qa3 Nxf3 45. Kxf3 Qd5+ 46. Kg3 Qd4 47. Kf3 e5 48. fxe5 Qxe5 49. Qd3 Ke6 50. Qa3 Qe4+
51. Kg3 f4+ 52. Kf2 Kf5
0-1

[Event "Choose Your Opening Weapon"]
[Site "SchemingMind.com"]
[Date "2013.03.06"]
[Round "-"]
[White "emvarela"]
[Black "Archon"]
[Result "0-1"]
[WhiteCountry "ARG"]
[BlackCountry "CAN"]
[WhiteElo "1779"]
[WhiteRD "51"]
[BlackElo "1675"]
[BlackRD "53"]
[GameID "328114"]

1. e4 d6 2. d4 Nf6 3. Nc3 g6 4. f4 Bg7 5. Nf3 c5 6. Bb5+ Bd7 7. e5 Ng4 8. Bxd7+ Qxd7 9. dxc5 dxe5 10. Qxd7+ Nxd7
11. Nd5 Rc8 12. fxe5 Ngxe5 13. Nxe5 Nxe5 14. Be3 e6 15. Nc3 Nc4 16. Bd2 Nxd2 17. Kxd2 Rd8+ 18. Ke2 Bxc3 19. bxc3 Ke7 20. Rab1 Rd7
21. Rhd1 Rxd1 22. Kxd1 Rb8 23. c6 b6 24. Rb4 Rc8 25. Rc4 Kd6 26. c7 Rxc7 27. Rd4+ Ke7 28. Kd2 Rd7 29. Kd3 Kd8 30. a4 Kc7
31. g4 h6 32. h3 Kc6 33. Rxd7 Kxd7 34. Kd4 Kd6 35. c4 f6 36. h4 e5+
0-1

[Event "Choose Your Opening Weapon"]
[Site "SchemingMind.com"]
[Date "2013.03.06"]
[Round "-"]
[White "kenneth m day"]
[Black "Archon"]
[Result "1-0"]
[WhiteCountry "USA"]
[BlackCountry "CAN"]
[WhiteElo "1752"]
[WhiteRD "52"]
[BlackElo "1659"]
[BlackRD "55"]
[GameID "328115"]

1. e4 d6 2. d4 Nf6 3. Nc3 g6 4. Be2 Bg7 5. h4 h5 6. Bg5 c6 7. a4 b6 8. Qd2 Bb7 9. O-O-O c5 10. dxc5 bxc5
11. f3 Nc6 12. Bc4 Qa5 13. Nge2 Rb8 14. Nf4 Ne5 15. Ba2 Bc6 16. b3 O-O 17. Nfd5 Bxd5 18. Nxd5 Nxd5 19. Qxa5
1-0

[Event "Choose Your Opening Weapon"]
[Site "SchemingMind.com"]
[Date "2013.03.06"]
[Round "-"]
[White "Michal Drus"]
[Black "Archon"]
[Result "1-0"]
[WhiteCountry "POL"]
[BlackCountry "CAN"]
[WhiteElo "1680"]
[WhiteRD "67"]
[BlackElo "1659"]
[BlackRD "55"]
[GameID "328116"]

1. c4 d6 2. d4 e5 3. Nc3 exd4 4. Qxd4 Nc6 5. Qe3+ Be7 6. Nd5 Nf6 7. Nxf6+ gxf6 8. Nf3 Rg8 9. Qd3 f5 10. Bf4 Be6
11. O-O-O Bg5 12. Bxg5 Qxg5+ 13. e3 O-O-O 14. Nxg5
1-0

[Event "Choose Your Opening Weapon"]
[Site "SchemingMind.com"]
[Date "2013.03.06"]
[Round "-"]
[White "simpet"]
[Black "Archon"]
[Result "1-0"]
[WhiteCountry "ENG"]
[BlackCountry "CAN"]
[WhiteElo "1608"]
[WhiteRD "55"]
[BlackElo "1654"]
[BlackRD "55"]
[GameID "328173"]

1. Nf3 d6 2. e4 Nf6 3. e5 dxe5 4. Nxe5 g6 5. Bc4 e6 6. d4 Bg7 7. Bg5 O-O 8. c3 Nbd7 9. f4 Nb6 10. Bb3 h6
11. Bh4 Qe8 12. Nd2 Nbd5 13. Qf3 c6 14. Bc2 Nd7 15. Ne4 b5 16. Nxc6 Bb7 17. Nd6 Bxc6 18. Nxe8 Rfxe8 19. Qg3 Ne7 20. Bxe7 Rxe7
21. O-O Nb6 22. b3 Bd7 23. Rfe1 Ree8 24. Re2 Kh7 25. Rae1 f5 26. Qf3 Rab8 27. h3 Nd5 28. g4 Nb6 29. Rh2 Kg8 30. h4 Re7
31. h5 Be8 32. hxg6 Bxg6 33. gxf5 Bxf5 34. Bxf5
1-0

[Event "Choose Your Opening Weapon"]
[Site "SchemingMind.com"]
[Date "2013.03.06"]
[Round "-"]
[White "simpet"]
[Black "David Hartley"]
[Result "0-1"]
[WhiteCountry "ENG"]
[BlackCountry "ENG"]
[WhiteElo "1612"]
[WhiteRD "56"]
[BlackElo "1793"]
[BlackRD "60"]
[GameID "328174"]

1. Nf3 Nf6 2. c4 g6 3. d4 Bg7 4. Bg5 d6 5. Nc3 O-O 6. e4 c5 7. d5 Bd7 8. Qd2 Na6 9. a3 Nc7 10. Bh6 a6
11. Bxg7 Kxg7 12. Bd3 b5 13. b3 Qb8 14. O-O Ra7 15. Ne2 Re8 16. Nf4 e6 17. e5 dxe5 18. Nxe5 exd5 19. Nxd7 Nxd7 20. cxd5 Rd8
21. Rfe1 Nf6 22. Qc3 Nxd5 23. Nxd5 Rxd5 24. Re3 Qd8 25. Rf3 Rad7 26. Qxf6+ Qxf6 27. Rxf6 Kxf6 28. Bf1 Rd1 29. Ra2 Rb1 30. g3 Rdd1
31. Kg2 Rxf1 32. Kh3 Rxb3 33. f4 Rxf4 34. Rd2 Re4 35. Rd6+ Re6 36. Rxe6+ Kxe6
0-1

[Event "Choose Your Opening Weapon"]
[Site "SchemingMind.com"]
[Date "2013.03.08"]
[Round "-"]
[White "simpet"]
[Black "emvarela"]
[Result "0-1"]
[WhiteCountry "ENG"]
[BlackCountry "ARG"]
[WhiteElo "1635"]
[WhiteRD "57"]
[BlackElo "1779"]
[BlackRD "51"]
[GameID "328175"]

1. Nf3 Nf6 2. c4 c5 3. g3 g6 4. Nc3 Bg7 5. d3 O-O 6. d4 cxd4 7. Nxd4 a6 8. e4 Nc6 9. c5 Nxd4 10. Qxd4 Qc7
11. Bf4 Qc6 12. Bg2 Ng4 13. Qc4 b5 14. Qb4 Bxc3+ 15. Qxc3 f5 16. f3 Nf6 17. O-O Bb7 18. exf5 gxf5 19. Qe5 Nd5 20. Bh6 Qxh6
21. f4 Qe6 22. Qxe6+ dxe6 23. Rfe1 Rf6 24. Rad1 Rb8 25. Re5 Nb4 26. Bxb7 Rxb7 27. a3 Nd5 28. b4 Kf7 29. Rc1 h5 30. Kg2 h4
31. Kf3 hxg3 32. hxg3 Rc7 33. Ree1 Rh6 34. Rh1 Rxh1 35. Rxh1 Nf6 36. Rh8 Ng8 37. Ke2 a5 38. Rh1 axb4 39. axb4 Nf6 40. Ra1 Nd5
41. Ra5 Nxb4
0-1

[Event "Choose Your Opening Weapon"]
[Site "SchemingMind.com"]
[Date "2013.03.06"]
[Round "-"]
[White "simpet"]
[Black "kenneth m day"]
[Result "1-0"]
[WhiteCountry "ENG"]
[BlackCountry "USA"]
[WhiteElo "1608"]
[WhiteRD "55"]
[BlackElo "1770"]
[BlackRD "51"]
[GameID "328176"]

1. e4 g6 2. d4 Bg7 3. e5 d6 4. f4 dxe5 5. fxe5 Nc6 6. c3 a6 7. Nf3 b5 8. a3 Bb7 9. Bg5 Qd5 10. Bd3 e6
11. Nbd2 Nge7 12. Bxe7 Kxe7 13. O-O Rhe8 14. Ng5 Nd8 15. Be4 Qd7 16. Bxb7 Nxb7 17. Rxf7+ Kd8 18. Rxd7+ Kxd7 19. Nde4 Rh8 20. Qg4 Nd8
21. Nc5+ Kc6 22. Qf3+
1-0

[Event "Choose Your Opening Weapon"]
[Site "SchemingMind.com"]
[Date "2013.03.06"]
[Round "-"]
[White "simpet"]
[Black "Michal Drus"]
[Result "0-1"]
[WhiteCountry "ENG"]
[BlackCountry "POL"]
[WhiteElo "1612"]
[WhiteRD "56"]
[BlackElo "1680"]
[BlackRD "67"]
[GameID "328177"]

1. e4 c6 2. d4 d5 3. e5 Bf5 4. Bd3 Bxd3 5. Qxd3 c5 6. Qb5+ Nc6 7. Qxb7 Nxd4 8. Na3 Rb8 9. Qxa7 e6 10. Nh3 Ne7
11. Qxc5 Nef5 12. Qc3 Bb4 13. Qxb4 Rxb4 14. c3 Qh4 15. Nf4 g5 16. cxb4 gxf4 17. Bd2 Qg4
0-1

[Event "Choose Your Opening Weapon"]
[Site "SchemingMind.com"]
[Date "2013.03.06"]
[Round "-"]
[White "Archon"]
[Black "simpet"]
[Result "0-1"]
[WhiteCountry "CAN"]
[BlackCountry "ENG"]
[WhiteElo "1654"]
[WhiteRD "55"]
[BlackElo "1608"]
[BlackRD "55"]
[GameID "328178"]

1. Nf3 Nc6 2. c4 e5 3. d3 Bb4+ 4. Nc3 Nge7 5. g3 d5 6. cxd5 Nxd5 7. Bd2 O-O 8. Bg2 Nxc3 9. bxc3 Ba5 10. O-O Bg4
11. Rb1 Rb8 12. h3 Bh5 13. Rb5 Bb6 14. c4 Qf6 15. a4 Bxf3 16. Bxf3 Nd4 17. Rb1 Nxf3+ 18. exf3 Rbd8 19. Qe2 Qf5 20. Rb3 Qxh3
21. Qxe5 Rfe8 22. Qa1 Qxg3+ 23. Kh1 Qxf3+ 24. Kg1 Rd4
0-1

[Event "Choose Your Opening Weapon"]
[Site "SchemingMind.com"]
[Date "2013.03.06"]
[Round "-"]
[White "David Hartley"]
[Black "simpet"]
[Result "1-0"]
[WhiteCountry "ENG"]
[BlackCountry "ENG"]
[WhiteElo "1793"]
[WhiteRD "60"]
[BlackElo "1612"]
[BlackRD "56"]
[GameID "328179"]

1. g3 d5 2. Nf3 Nc6 3. d4 Bf5 4. Bg2 Qd7 5. O-O Bh3 6. Re1 Bxg2 7. Kxg2 Nf6 8. c3 Ng4 9. e4 O-O-O 10. e5 e6
11. Nbd2 h5 12. Nf1 Be7 13. Ne3 Rdg8 14. Nxg4 hxg4 15. Nd2 f5 16. exf6 gxf6 17. Nf1 f5 18. f3 Nd8 19. Bf4 gxf3+ 20. Qxf3 Bd6
21. Ne3 Bxf4 22. Qxf4 Qh7 23. Rh1 Qh3+ 24. Kg1 Nf7 25. Re1 Rh4 26. Qf3 Re4 27. Kf2 Ng5 28. Qg2 Qh5 29. Kf1 Nf3 30. Re2 f4
31. g4 Rxg4 32. Nxg4 Rxe2 33. Qxe2 Qxg4 34. Kf2 b6 35. Qxf3 Qxf3+ 36. Kxf3 c5 37. Kxf4 cxd4 38. cxd4
1-0

[Event "Choose Your Opening Weapon"]
[Site "SchemingMind.com"]
[Date "2013.03.08"]
[Round "-"]
[White "emvarela"]
[Black "simpet"]
[Result "0-1"]
[WhiteCountry "ARG"]
[BlackCountry "ENG"]
[WhiteElo "1779"]
[WhiteRD "51"]
[BlackElo "1635"]
[BlackRD "57"]
[GameID "328180"]

1. e4 e5 2. Nf3 Nc6 3. Bb5 d6 4. d4 Bd7 5. Nc3 Nf6 6. O-O Ng4 7. Re1 Be7 8. h3 h5 9. Bxc6 Bxc6 10. d5 Bd7
11. hxg4 hxg4 12. Nh2 Bg5 13. Nxg4 Bxc1 14. Rxc1 Qh4 15. f3 O-O-O 16. Qe2 Rh5 17. Nd1 f5 18. exf5 Bxf5 19. Ndf2 e4 20. Nxe4 Bxg4
21. fxg4 Qh2+ 22. Kf2 Rf8+ 23. Ke3 Qf4+ 24. Kd4 Qe5+ 25. Kd3 Qxd5+ 26. Ke3 Re5 27. Qd3 Qc5+ 28. Ke2 d5
0-1

[Event "Choose Your Opening Weapon"]
[Site "SchemingMind.com"]
[Date "2013.03.06"]
[Round "-"]
[White "kenneth m day"]
[Black "simpet"]
[Result "1-0"]
[WhiteCountry "USA"]
[BlackCountry "ENG"]
[WhiteElo "1770"]
[WhiteRD "51"]
[BlackElo "1608"]
[BlackRD "55"]
[GameID "328181"]

1. e4 e5 2. Nf3 Nc6 3. d4 exd4 4. c3 d6 5. Bc4 Bg4 6. cxd4 Bxf3 7. Qxf3 Nf6 8. O-O Nxd4 9. Qd3 Nc6 10. Bg5 Be7
11. f4 O-O 12. Nc3 Na5 13. Bb5 a6 14. Ba4 b5 15. Bc2 g6 16. Rad1 Nc4 17. Rb1 Ng4 18. Nd5 Bxg5 19. fxg5 Qxg5 20. Nf4 Qc5+
21. Kh1 Nf2+ 22. Rxf2 Qxf2 23. Rf1 Qc5 24. Nd5 Nxb2 25. Qd2 Nc4 26. Qh6 Ne5 27. Nf6+
1-0

[Event "Choose Your Opening Weapon"]
[Site "SchemingMind.com"]
[Date "2013.03.06"]
[Round "-"]
[White "Michal Drus"]
[Black "simpet"]
[Result "1-0"]
[WhiteCountry "POL"]
[BlackCountry "ENG"]
[WhiteElo "1733"]
[WhiteRD "63"]
[BlackElo "1635"]
[BlackRD "57"]
[GameID "328182"]

1. c4 e5 2. Nc3 f5 3. g3 e4 4. Bh3 d6 5. d3 Nf6 6. dxe4 fxe4 7. Bg5 Be7 8. Bxc8 Qxc8 9. Bxf6 Bxf6 10. Nxe4 Bxb2
11. Qa4+ Nc6 12. Rb1 Be5 13. Nf3 Qf5 14. Nfd2 Rb8 15. Qxc6+ bxc6 16. Rxb8+ Kf7 17. Rxh8 d5 18. cxd5 cxd5 19. Ng5+ Qxg5 20. f4 Bxf4
21. Rf1 Kg6 22. gxf4 Qh4+ 23. Kd1 Qxh2 24. Rc8 Qh3 25. Rg1+ Kh6 26. Rxc7 g6 27. Nf3 d4 28. Ng5
1-0

[Event "Choose Your Opening Weapon"]
[Site "SchemingMind.com"]
[Date "2013.03.09"]
[Round "-"]
[White "GreeneKing"]
[Black "Archon"]
[Result "1-0"]
[WhiteCountry "SCO"]
[BlackCountry "CAN"]
[WhiteElo "1841"]
[WhiteRD "79"]
[BlackElo "1675"]
[BlackRD "53"]
[GameID "328316"]

1. d4 d6 2. Nf3 g6 3. Bf4 Bg7 4. e3 c5 5. Be2 Nc6 6. c3 cxd4 7. exd4 Bg4 8. Nbd2 Nf6 9. h3 Bd7 10. O-O O-O
11. Re1 a6 12. Ng5 h6 13. Nge4 Nxe4 14. Nxe4 b5 15. Qd2 Kh7 16. h4 e5 17. Bg3 Bf5 18. Bf3 Bxe4 19. Bxe4 Rc8 20. d5 Ne7
21. f4 exf4 22. Bxf4 Rc4 23. a3 Re8 24. h5 Qb6+ 25. Be3 Qc7 26. Bd4 Rxd4 27. cxd4 Qc4 28. Rad1 Nxd5 29. Bxg6+ fxg6 30. hxg6+ Kxg6
31. Rxe8
1-0